[Event "FRA-ch op-A"]
[Site "Pau"]
[Date "2008.08.21"]
[Round "9"]
[White "Cruz, Manuel"]
[Black "Hodot, Yves"]
[Result "0-1"]
[WhiteElo "2001"]
[BlackElo "1963"]
[PlyCount "82"]
[EventDate "2008.08.11"]
[EventType "swiss"]
[EventRounds "9"]
[EventCountry "FRA"]
[SourceTitle "CBM 126 Extra"]
[Source "ChessBase"]
[SourceDate "2008.11.05"]
[SourceVersion "1"]
[SourceVersionDate "2008.11.05"]
[SourceQuality "1"]

1. e4 e6 2. d4 d5 3. Bd3 c5 4. c3 Nf6 5. e5 Nfd7 6. Nf3 Nc6 7. Be3 Qb6 8. b3 Qc7 9. Qc2 h6 10. Qe2 a6 11. Nbd2 b5 12. a3 Na5 13. Bc2 cxd4 14. Bxd4 Nc6 15. Bd3 Nxd4 16. cxd4 Bxa3 17. 0-0 Bb2 18. Ra2 Bc3 19. Bxb5 Qb6 20. Rc1 Bxd4 21. Rc6 Bxf2+ 22. Kf1 axb5 23. Rxb6 Rxa2 24. Qxf2 Nxb6 25. Qxb6 0-0 26. Kf2 f6 27. Ke3 b4 28. Qxb4 Ra8 29. Qd6 Ra1 30. Nh4 fxe5 31. Ng6 Re1+ 32. Kd3 e4+ 33. Kc3 Re8 34. Ne7+ Kf7 35. Nxc8 Rxc8+ 36. Kd4 Re8 37. Qf4+ Kg8 38. b4 e5+ 39. Qxe5 Rxe5 40. Kxe5 Rd1 41. Nb3 e3 0-1

[Event "FRA-ch op-A"]
[Site "Pau"]
[Date "2008.08.16"]
[Round "5"]
[White "Jacquot, David"]
[Black "Cruz, Manuel"]
[Result "1-0"]
[WhiteElo "2087"]
[BlackElo "2001"]
[PlyCount "71"]
[EventDate "2008.08.11"]
[EventType "swiss"]
[EventRounds "9"]
[EventCountry "FRA"]
[SourceTitle "CBM 126 Extra"]
[Source "ChessBase"]
[SourceDate "2008.11.05"]
[SourceVersion "1"]
[SourceVersionDate "2008.11.05"]
[SourceQuality "1"]

1. d4 d6 2. Nf3 Nf6 3. Bg5 Nbd7 4. Nbd2 g6 5. e3 Bg7 6. Bc4 c6 7. c3 0-0 8. Qe2 h6 9. Bh4 a6 10. a4 c5 11. 0-0 d5 12. Bd3 g5 13. Bg3 Nh5 14. Be5 Nhf6 15. h3 b6 16. Bg3 Nh7 17. c4 Bb7 18. cxd5 cxd4 19. Nxd4 Bxd4 20. exd4 Ndf6 21. Be5 Qxd5 22. f4 Rfe8 23. Rac1 Bc6 24. Bxa6 Rxa6 25. Rxc6 Qxc6 26. Qxa6 Nd5 27. fxg5 Nxg5 28. Qd3 Qe6 29. Qg3 Qg6 30. h4 Ne6 31. Qb3 Nec7 32. Rf3 Qh5 33. Rg3+ Kf8 34. Bg7+ Kg8 35. Qd3 Ne6 36. Be5+ 1-0

[Event "FRA-ch op-A"]
[Site "Pau"]
[Date "2008.08.12"]
[Round "1"]
[White "Cruz, Manuel"]
[Black "Lallement, Victor"]
[Result "0-1"]
[WhiteElo "2001"]
[BlackElo "2097"]
[PlyCount "80"]
[EventDate "2008.08.11"]
[EventType "swiss"]
[EventRounds "9"]
[EventCountry "FRA"]
[SourceTitle "CBM 126 Extra"]
[Source "ChessBase"]
[SourceDate "2008.11.05"]
[SourceVersion "1"]
[SourceVersionDate "2008.11.05"]
[SourceQuality "1"]

1. e4 c5 2. d4 cxd4 3. c3 d5 4. Bb5+ Bd7 5. Bxd7+ Qxd7 6. exd5 Qxd5 7. Qf3 Qxf3 8. Nxf3 Nc6 9. Nxd4 Nxd4 10. cxd4 e6 11. 0-0 Nf6 12. Nc3 Be7 13. Re1 Rd8 14. Be3 0-0 15. d5 Nxd5 16. Nxd5 Rxd5 17. Bxa7 Ra8 18. Be3 Bf6 19. Re2 Rxa2 20. Rc1 h6 21. g3 Rb5 22. Rc8+ Kh7 23. Bc1 Bd4 24. Kg2 b6 25. Rcc2 e5 26. h4 h5 27. Kh3 Kg6 28. Kg2 Rb3 29. Red2 f6 30. Re2 Kf5 31. Rcd2 b5 32. Rc2 Rb4 33. Red2 Ke6 34. Kf3 Rc4 35. Ke2 Kd5 36. f3 Ra1 37. Kd1 Kc5 38. Rd3 Bxb2 39. Rxb2 Raxc1+ 40. Kd2 Rg1 0-1